Advanced calculus : an introduction to analysis /
Guardado en:
| Autor Principal: | |
|---|---|
| Formato: | Libro |
| Idioma: | English |
| Publicado: |
New York :
Wiley,
c1961.
|
| Materias: | |
| Etiquetas: |
Agregar Etiqueta
Sin Etiquetas, Sea el primero en etiquetar este registro!
|
| LEADER | 00672nam a22002055a 4500 | ||
|---|---|---|---|
| 001 | EIQ.libpla000234 | ||
| 008 | 841203s1961####nyua##########000#0#eng#d | ||
| 005 | 20080528172014.0 | ||
| 245 | 1 | 0 | |a Advanced calculus : |b an introduction to analysis / |c Watson Fulks. |
| 260 | |a New York : |b Wiley, |c c1961. | ||
| 300 | |a 521 p. : |b il. ; |c 24 cm. | ||
| 100 | 1 | |a Fulks, Watson. | |
| 082 | 0 | 0 | |a 517 |
| 650 | 4 | |a Cálculo |x Análisis (Matemática). | |
| 650 | 4 | |a Análisis matemático |x Teoría. | |
| 650 | 4 | |a Calculus |x Analysis (Mathematics). | |
| 650 | 4 | |a Mathematical analysis |x Theory. | |
| 010 | |a 61011255 | ||
| 040 | |a DLC/ICU |c ICU |d AR-BbSID | ||
| 859 | |a AR-BbSID |b BIB. PLAPIQUI |h 515 |i F1 |p 2578 | ||
